| 000 | 00389nam a2200145Ia 4500 | ||
|---|---|---|---|
| 008 | 230917s9999||||xx |||||||||||||| ||und|| | ||
| 040 |
_e186590 _aMAIN |
||
| 041 | _aEnglish | ||
| 082 | _a791.430954 G51G | ||
| 100 | _aGopal, Sangita, ed. | ||
| 245 | 0 | _aGlobal Bollywood: Travels of Hindi sons and dance | |
| 260 |
_aNew Delhi _bOrient Blackswan _c2010 |
||
| 300 | _a340 p. | ||
| 942 | _cBK | ||
| 999 |
_c151538 _d151538 |
||